Dissertatio iuridica, de eo quod iustum est circa torturam valetudinariorum quam indultu Facultatis Iuridicae praeside Ioanne Samuele Friderico Boehmero icto comite palat. Caesar. potent. regi Pruss. a cons. aul. prof. iur. ordin. fautori suo omnibus nomibus venerando d. august. MDCCXXIX. Publico eruditorum examini submittit auctor responsurus Fridericus Guilielmus Braune halens. magdeb. LL. C.

Detalles Bibliográficos
Autor principal: Boehmerus, Ioannes Samuel Fridericus
Formato: Libro
Lenguaje:Latin
Publicado: Halae Cattorum : typis Ioannis Henrici Grunerti, Acad. typogr., 1740.
Materias:
Colección:Banco de datos
Acervo:Fondo Bibliográfico Antiguo Víctor Manuel Castillo de la Universidad de Ciencias y Artes de Chiapas
Descripción Física:47 p. ; 4°
Tema general:Derecho civil
Notas:Portada tipográfica con pleca en grabado xilográfico. Texto a renglón seguido con apostillas marginales. Incluye cabecera de título floreada en grabado xilográfico. Incluye capitular floreada en grabado xilográfico
LEADER 01192nam a22001810004500
035 |a 2111 
041 0 |a lat 
100 1 |a Boehmerus, Ioannes Samuel Fridericus 
245 1 0 |a Dissertatio iuridica, de eo quod iustum est circa torturam valetudinariorum quam indultu Facultatis Iuridicae praeside Ioanne Samuele Friderico Boehmero icto comite palat. Caesar. potent. regi Pruss. a cons. aul. prof. iur. ordin. fautori suo omnibus nomibus venerando d. august. MDCCXXIX. Publico eruditorum examini submittit auctor responsurus Fridericus Guilielmus Braune halens. magdeb. LL. C.  
260 |a Halae Cattorum : typis Ioannis Henrici Grunerti, Acad. typogr., 1740. 
300 |a 47 p. ; 4° 
500 |a Portada tipográfica con pleca en grabado xilográfico. Texto a renglón seguido con apostillas marginales. Incluye cabecera de título floreada en grabado xilográfico. Incluye capitular floreada en grabado xilográfico  
501 |a 27 obras 
650 1 0 |a Derecho civil 
949 |a UNICACH, Colección de Víctor Manuel Castillo: 01440-N 
942 |c CHIACASTI 
943 |g Fondo Bibliográfico Antiguo Víctor Manuel Castillo de la Universidad de Ciencias y Artes de Chiapas 
999 |c 1100407  |d 1100407